[Event "ISR-ch"]
[Site "Ramat Aviv/Modiin"]
[Date "2000.12.26"]
[Round "9"]
[White "Roiz, Michael"]
[Black "Postny, Evgeny"]
[Result "1/2-1/2"]
[WhiteElo "2440"]
[BlackElo "2434"]
[Annotator "Rabinovich,Al"]
[PlyCount "55"]
[EventDate "2000.12.17"]
[EventType "tourn"]
[EventRounds "11"]
[EventCountry "ISR"]
[EventCategory "11"]
[SourceTitle "CBM 081"]
[Source "ChessBase"]
[SourceDate "2001.03.20"]
[SourceVersion "1"]
[SourceVersionDate "2001.03.20"]
[SourceQuality "1"]

1. c4 Nf6 2. d4 e6 3. Nf3 b6 4. g3 Ba6 5. b3 b5 (5... d5 6. cxd5 exd5 7. Bg2
Bb4+ 8. Bd2 Bd6 9. Nc3 Nbd7 10. Nh4 $14 {[%csl Rd5][%cal Gh4f5] 1-0 Shneider,
A-Rogovski,V/Ordzhonikidze UKR 2000/The Week in Chess 295 (33)}) 6. cxb5 Bxb5
7. Bg2 Bc6 {Instead of this move black has to possible alternatives: 7...d5
and 7...Bb4+.} 8. O-O a5 9. Nc3 Bb4 10. Qc2 {New move.Mostly was played here10.
Bb2 and black equalized easily.} (10. Bb2 O-O 11. Ne5 Bxg2 12. Kxg2 Bxc3 13.
Bxc3 Qc8 14. f3 Qa6 15. Be1 Nd5 16. Bf2 f5 $15 {0-1 Grabarczyk,M-Yakovich,Y/
Bad Wiessee 1999/EXT 2000 (58)}) 10... O-O 11. Bd2 Qc8 {[%cal Gc8b7]} 12. Rac1
(12. a3 Bxc3 13. Bxc3 Qb7 14. b4 $11) 12... Bxc3 13. Bxc3 Qb7 {Black almost
solved openings problems and it seems that this variation doesn't promise
white too much,but.....} 14. Ba1 (14. Bd2 Rc8 {[%cal Gc6e4]} 15. Bg5 Be4 16.
Qd2 Nd5 $11) 14... h6 (14... Na6 {Also gives black good game.}) 15. d5 $1 {
Very nice sacrafise by promising young Israeli player.White at least gets a
very strong initiative and black must be careful, since his N yet in the game.}
Bxd5 (15... Nxd5 16. Ne5 Nb4 17. Nxc6 N8xc6 18. Qb2 f6 19. Rfd1 Rfd8 20. Qb1
$40 {[%cal Gb1g6]}) (15... exd5 16. Bxf6 gxf6 17. Nd4 $18 {[%csl Rf6,Rf7,Rg8,
Rh6][%cal Gc2d2,Gd4f5]}) 16. Bxf6 gxf6 17. Qd2 {The Q goes to kingside.Black K
is without any protection,it gives white good chance to start a strong attack
on him.} (17. Qxc7 Qxc7 18. Rxc7 Bc6 19. Nd4 Bxg2 (19... Na6 20. Rxc6 dxc6 21.
Nxc6 Nb4 (21... Kg7 22. Nxa5 Rad8 {[%cal Gd8d2]} 23. Nc4 {White has chances
for a win.}) 22. Ne7+ (22. Nxb4 $1 axb4 23. Bxa8 Rxa8 24. Ra1 Kf8 25. Kg2 Ke7
26. Kf3 f5 27. Rc1 $16) 22... Kg7 23. Bxa8 Rxa8 24. a3 Nc2 25. a4 Nd4 $11) 20.
Kxg2 Rd8 21. Rfc1 Kf8 $14) 17... Kg7 18. Qf4 d6 {[%cal Gb8d7]} 19. Qg4+ Kh8 (
19... Kh7 20. Qh4 f5 (20... Nd7 21. e4 Bc6 (21... Bxe4 22. Ng5+ fxg5 23. Bxe4+
Kg7 24. Bxb7 gxh4 25. Bxa8 Rxa8 26. Rxc7 $18) 22. Nd4 Ra6 23. Rc2 $36 {[%cal
Gf1c1]}) 21. Ng5+ Kg7 (21... Kg6 22. Bxd5 Qxd5 23. Nh3 $40 {[%cal Gh3f4,Gc1c7]}
) 22. Qd4+ Kg8 23. Qf6 hxg5 24. Qxg5+ Kh7 25. Rc4 {[%cal Gc4h4]} Be4 26. Rxe4
$1 fxe4 27. Qh4+ Kg7 28. Bxe4 Qb5 (28... d5 29. Qg5+ Kh8 30. Qh6+ Kg8 31. Qh7#)
29. Qg4+ Kh8 30. Bxa8 $18) 20. Qh4 Kg7 21. Qg4+ (21. Rfd1 $5 {[%cal Gd1d4,
Gd4g4]} Nd7 (21... Rg8 $6 22. Rxd5 exd5 (22... Qxd5 23. Nd4 $18) 23. Nd4 {
[%cal Gd4f5]} Kh7 24. Qxf6 c6 25. Bh3 $18) (21... Ra7 {The game.}) 22. Qg4+ Kh7
23. Ng5+ fxg5 24. Bxd5 exd5 25. Qxd7 Ra7 26. Qf5+ Kg7 27. Rxd5 $14) 21... Kh8
22. Qf4 Kg7 23. Rfd1 {[%cal Gd1d5]} Ra7 $8 {The only defence.It is not easy to
find such moves like 23...Ra7!.} 24. Qg4+ Kh8 25. Qh4 (25. e4 $6 Bxe4 26. Qh4
Kg7 27. Ne5 $5 Bxg2 (27... fxe5 28. Bxe4 d5 29. Qg4+ Kh8 30. Qh5 Kg7 31. Qg4+
$11) (27... f5 28. Ng4 fxg4 29. Qxg4+ Kh8 30. Bxe4 d5 (30... f5 31. Qf4 Qxe4
32. Qxh6+ Kg8 33. Qg6+ Kh8 34. Rc4 $18) 31. Bb1 Nd7 32. Qh5 (32. Qd4+ Kg8 33.
Rc4 dxc4 34. Qg4+ Kh8 35. Qh5 $18 Kg7 36. Rxd7 {[%cal Gh5g6]}) 32... Kg7 33.
Rc4 Nf6 (33... dxc4 34. Rxd7 $18 {[%cal Gh5g6]}) 34. Rg4+ Nxg4 35. Qxg4+ Kh8
36. Qh5 Kg7 37. Rd4 {[%csl Ra7,Rb7]} Re8 (37... f5 $6 38. Rg4+ Kf6 (38... fxg4
39. Qg6+ $18) 39. Qxh6+ Ke7 40. Rg7+ Kd6 41. Rg6 Qc8 (41... Re8 42. Bxf5 {
Black Q and R far away from the action place.} Qb4 43. Qe3 {[%cal Ge3a7]} d4 (
43... Rb7 44. Bxe6 $18) 44. Rxe6+ Rxe6 45. Qxe6+ Kc5 46. Be4 Qc3 47. Kg2 $3 Kb4
(47... d3 48. a3 {[%csl Rc5][%cal Ge6c6,Gc6d5]} d2 (48... Qc2 49. Qc6+ Kd4 50.
Qd5+ Kc3 51. Qc5+ Kb2 52. Qxa7 $18) 49. Qh6) 48. Qe7+ Qc5 (48... Kb5 49. Qe8+
Kb4 50. Qb8+ $18) 49. a3+ Kb5 50. Qe8+ Ka6 51. Qb8 {[%cal Ge4d3]} Qb5 52. Qc8+
Kb6 53. a4 Qa6 54. Qe6+ Kc5 55. Qd5+ Kb4 56. Qxd4+ Ka3 (56... Kxb3 57. Qd2 $22
{[%csl Ra6,Ra7,Rb3]} Qb6 58. Bd5+ Kxa4 59. Qc2+ Kb4 60. Qc4+ Ka3 61. Qc3+ Ka4
62. Bc6+ $18) 57. Qc3 {[%cal Gb3b4]} Ka2 58. b4 $18 {[%cal Ge4d5]}) 42. Rxe6+
Qxe6 43. Qxf8+ Qe7 44. Qxf5 $16 {[%csl Ra7,Rd6][%cal Gh2h5]}) 38. Rg4+ (38.
Qe5+ Kf8 39. Qf6 (39. Bg6 Ke7 (39... c5 40. Rf4 Qb8 41. Qh8+ Ke7 42. Rxf7+ Kd6
43. Qxh6 Rae7 44. Qf4+ e5 45. Qg5 $40 {[%csl Rd6]}) 40. Bxf7 (40. Qg7 Kd6 41.
Qxf7 Re7 42. Qf6 c5 $17) 40... Kxf7 41. Rg4 Ke7 $19) 39... Qb8 {[%cal Gb8d8]}
40. Rf4 c5 41. Bg6 Qd8 42. Qh8+ Ke7 43. Qxh6 Kd6 (43... Rf8 44. Bxf7 $16) 44.
Bxf7 Ree7 45. Rf6 Qd7 46. Qf8 Kc6 $15) 38... Kf8 39. Rf4 Re7 40. Bg6 c5 41.
Qxh6+ Ke8 42. Qh8+ Kd7 43. Rxf7 Rxf7 44. Bxf7 {[%cal Gh8e8]} Ra8 45. Qg7 Qb8 {
[%cal Gb8f8,Gb8d6]} 46. h4 $15) 28. Ng4 Nd7 29. Qxh6+ Kg8 30. Rd4 {[%cal Gg4f6,
Gd4h4]} Be4 31. Rxc7 Qxc7 32. Rxe4 Rc8 {[%cal Gc7c1]} (32... Qc3 33. Nxf6+ Nxf6
34. Rh4 Qe1+ 35. Kg2 Qe4+ 36. Rxe4 Nxe4 37. Qe3 Nc5 38. Qg5+ $11) 33. Rc4 Qb7
34. Nxf6+ Nxf6 35. Rh4 Rc1+ 36. Qxc1 Nh7 {Black defence is winning.}) 25... Kg7
26. Qg4+ {Good decision.White should be careful not to overevaluate his
position.} (26. Rd4 {[%cal Gd4g4]} f5 27. Qh5 {[%cal Gd4h4]} c5 28. Rh4 Rh8 29.
g4 Qb5 30. e3 a4 (30... Bxf3 31. Bxf3 Nd7 32. g5 Ne5 33. gxh6+ Kh7 $15) 31.
gxf5 axb3 32. Rg4+ Kf8 33. axb3 Nc6 {White initiative is about to finish,while
black pieces take good places,looks like white has to think about holding the
equality.}) 26... Kh8 27. Qh4 Kg7 28. Qg4+ {Interesting idea 15.d5 should be
checked more,it looks that white position deserves more than perpetual check.}
1/2-1/2

[Event "EU-ch 2nd"]
[Site "Ohrid"]
[Date "2001.06.06"]
[Round "6"]
[White "Kozul, Zdenko"]
[Black "Belotti, Bruno"]
[Result "1-0"]
[WhiteElo "2595"]
[BlackElo "2440"]
[Annotator "Rabinovich,Al"]
[PlyCount "97"]
[EventDate "2001.06.01"]
[EventType "swiss"]
[EventRounds "13"]
[EventCountry "YUG"]
[SourceTitle "CBM 084"]
[Source "ChessBase"]
[SourceDate "2001.09.13"]
[SourceVersion "1"]
[SourceVersionDate "2001.09.13"]
[SourceQuality "1"]

{[%mdl 6152]} 1. d4 Nf6 2. Nf3 b6 3. c4 e6 4. g3 Ba6 5. Qa4 c5 6. Bg2 Bb7 7.
dxc5 bxc5 (7... Bxc5 8. O-O O-O 9. Nc3 Ne4 10. Qc2 Nxc3 11. Qxc3 d5 12. Rd1 Nd7
13. Bg5 Qe8 14. cxd5 Bxd5 15. b4 Be7 16. Bxe7 Qxe7 17. Rac1 Rfd8 18. Nd4 Nf6
19. b5 Bxg2 20. Kxg2 $16 {[%csl Rc6][%cal Gd4c6] 1-0 Dautov,R-Polgar,J/
Istanbul TUR 2000/The Week in Chess 314 (47)}) 8. O-O Be7 9. Nc3 O-O 10. Rd1 (
10. Bf4 d6 (10... Qb6 11. Rfd1 d6 12. Rab1 Na6 13. a3 Rac8 14. Qc2 Rfd8 15. e4
h6 16. Qe2 Bc6 17. e5 dxe5 18. Nxe5 Bxg2 19. Kxg2 $14 {0-1 Piket,J-Gelfand,B/
Monte Carlo 1999/CBM 69 ext (39)}) 11. Rad1 Qb6 12. Rd2 Rd8 13. Rfd1 h6 14. Qb5
Ne8 15. e4 Nd7 16. e5 $14 {1-0 Dautov,R-Stefansson,H/Ohrid MKD 2001/The Week
in Chess 344 (36)}) 10... d6 (10... a6 $6 11. Bf4 d6 12. Rab1 h6 13. b4 Bc6 14.
Qb3 cxb4 15. Qxb4 e5 16. c5 $16 {1-0 Piket,J-Sokolov,A/Ohrid MKD 2001/The Week
in Chess 345 (43)}) (10... Qb6 $142 {[%cal Gd7d5] In my opinion this is the
best plan for black.It is no sense in playing d6,then protecting this pawn for
few moves,trying to play d5 in the future.} 11. Bf4 Rd8 12. Rd2 d5 13. cxd5
exd5 14. Qc2 (14. Ne5 Na6 15. Rad1 Qe6 16. Nc4 Nb4 17. a3 Bc6 18. Qa5 d4 $132 {
1/2-1/2 Tukmakov,V-Aseev,K/Odessa 1989/URS-ch (25)}) 14... Na6 15. a3 h6 16.
Be5 d4 17. Na4 Qb5 18. b4 cxb4 19. Nxd4 Rxd4 20. Rxd4 Bxg2 21. Kxg2 Qxe5 $19 {
0-1 Olafsson,H-Bareev,E/Hastings 1990/CBM 22/[Schussler] (28)}) 11. Bf4 Bc6 $6
$146 {Black probably doesn't want to let white to play after Qb6, Qb5 entering
the slightly better ending,but this move returns white Q exactly where she
belongs to-square c2 from where she will support pushing e4.} (11... Qb6 {
The normal continuation.}) 12. Qc2 {[%cal Ge2e4]} Qc7 13. Rd2 a6 14. Rad1 Rd8
15. e4 $14 {[%cal Ge4e5] Black has some problems to finish the development.}
Nh5 {Probably forced move.} 16. Bg5 (16. Be3 Nd7 {[%cal Gd7b6,Gd6d5] With good
game.}) 16... Nf6 {Black can't afford himself to exchange the major protector
of the d6 pawn.} 17. Bxf6 $1 {This is a very logical continuation for white's
plan.If he wants to gain some advantage it must be thanks to black's
disdevelopment,there is no time to loose.} Bxf6 (17... gxf6 $5 {[%cal Gb8d7,
Ge7f8,Gf8g6,Gd7e5] Gives black very flaxible position and pawn structure.The
weakness of the K-side shouldn't be felt.}) 18. e5 dxe5 19. Rxd8+ Bxd8 20. Nxe5
Bxg2 21. Kxg2 Bf6 (21... Nc6 22. Qa4 $1 $18) 22. Qe4 Ra7 {Last 5 moves were
pretty forced for both sides.Black still didn't bring the N into the game,on
the other hand it is difficult for white to take advantage of it now.The N on
c3 is not taking part in the game,so white puts it on a4 to put pressure on c5
pawn.} 23. Na4 g6 24. f4 $16 {White is clearly better,black can't leave white
N on e5 any longer and exchanges it.White gets a very good square for the R on
d6,what makes black's weaknesses on the Q-side even more felt.} Bxe5 25. fxe5
Nd7 {Finaly.} 26. Rd6 Qb7 $6 (26... Kg7 $142 27. b3 Qa5 {It would leave better
chances to hold.}) 27. Qxb7 Rxb7 28. b3 Rc7 $6 (28... Ra7 29. Rc6 Nxe5 30. Rxc5
f6 31. Rc8+ Kf7 32. Nc5 h5 {White has to show some good technic to win this
ending.}) 29. Rxa6 Nxe5 30. Ra5 $1 Nd7 (30... Nd3 31. Kf3 $18 {[%csl Rc5][%cal
Gf3e3]}) 31. Nc3 f5 32. Ra8+ Kf7 33. Nb5 $1 $18 {White plays very well.He puts
black R on a very uncomfortable square and now white's position is winning.}
Rc6 34. a4 Rb6 35. a5 {Black can't stop the pawn and forced to sacrafise the N.
} Rb8 36. Rxb8 Nxb8 37. Nc7 $1 Ke7 (37... Nc6 38. a6 e5 39. Nb5 $18 {[%cal
Ga6a7]}) 38. a6 Nxa6 39. Nxa6 Kd6 40. Kf3 Kc6 41. b4 {This better than 41.Kf4}
cxb4 42. Nxb4+ Kc5 43. Nd3+ Kxc4 44. Ne5+ {The rest is simple in requires no
explanation.} Kd4 45. Nd7 g5 (45... e5 46. Nf8 Kd3 47. Nxh7 e4+ 48. Kg2 Kd2 49.
Nf8 (49. Ng5 e3 50. Nf3+ Kd1 51. h4 Kc2 52. Ng1 Kd2 53. Kf3 $18 {[%cal Gg1e2,
Ge2f4]}) 49... e3 50. Nxg6 e2 51. Nh4 e1=N+ 52. Kf2 Nd3+ 53. Kf3 Ne1+ 54. Kf4 {
Also was winning.}) 46. Nf8 g4+ 47. Kf4 e5+ 48. Kxf5 h5 49. Ne6+ 1-0

[Event "EU-ch 2nd"]
[Site "Ohrid"]
[Date "2001.06.05"]
[Round "5"]
[White "Beliavsky, Alexander G"]
[Black "Rechlis, Gad"]
[Result "1-0"]
[WhiteElo "2638"]
[BlackElo "2525"]
[Annotator "Rabinovich,Al"]
[PlyCount "65"]
[EventDate "2001.06.01"]
[EventType "swiss"]
[EventRounds "13"]
[EventCountry "YUG"]
[SourceTitle "CBM 084"]
[Source "ChessBase"]
[SourceDate "2001.09.13"]
[SourceVersion "1"]
[SourceVersionDate "2001.09.13"]
[SourceQuality "1"]

1. d4 Nf6 2. c4 e6 3. Nf3 b6 4. g3 Ba6 5. b3 d5 6. cxd5 (6. Bg2 dxc4 7. Ne5
Bb4+ 8. Kf1 Bd6 9. Nxc4 Nd5 10. Bb2 Nc6 11. Bf3 f5 12. Nc3 Nce7 13. Kg2 Bb7 14.
Nb5 O-O 15. Nbxd6 cxd6 16. Ba3 $14 {1-0 Lev,R-Rechlis,G/Israel 1999/EXT 2000 
(37)}) 6... Bb4+ (6... exd5 7. Bg2 Bd6 8. O-O Nbd7 9. Nc3 O-O 10. Bf4 (10. Qc2
Re8 11. Bb2 Rc8 12. Rfd1 c6 13. Rac1 Qe7 14. Nh4 Bb4 15. Nf5 Qf8 16. e3 g6 17.
Nh4 Qe7 18. Nf3 Ne4 19. a3 Bd6 20. Nxe4 dxe4 21. Nd2 $14 {1-0 Epishin,
V-Tomashevsky,E/Elista RUS 2001/The Week in Chess 339 (65)}) 10... Qe7 11. Bxd6
Qxd6 12. Re1 Rfe8 13. Rc1 Rad8 14. Qd2 Nf8 15. Qb2 Ne6 16. b4 $14 {1-0 Antic,
D-Damljanovic,B/Herceg Novi YUG 2001/The Week in Chess 335 (55)}) 7. Bd2 Bxd2+
8. Qxd2 Nxd5 {This idea,played by Yudasin in his games against Beliavsky and
against Ionov gave him pretty good positions in both games.Rechlis was trying
to follow by his steps,but Beliavsky probably has prepared something after his
game against Yudasin........} 9. e4 $1 $146 {[%mdl 8]} Bxf1 10. Kxf1 Nf6 11.
Nc3 Qc8 12. Kg2 Qb7 13. Rhe1 $14 {We can see that white got out of the opening
with few important advantages: 1.The advantage in development 2.Very strong
center supported by knights and rooks.} O-O 14. Rad1 Na6 {[%cal Gc7c5]} 15. Ne5
{White plan is very easy: to place best his pieces,to defend the center by f3
so to realize the knight and the rook from defending the e4-pawn.On the other
hand black suffers from lack of place and he will have to attack white center
by c5.} Rad8 16. f3 c5 $6 {Giving white a direct plan.} (16... Nb4 $5 {[%cal
Gb4c6] It was better to follow the waiting strategy,trying to exchange few
pieces.}) 17. d5 exd5 18. exd5 Nb4 {Black is trying to prove that the pawn on
d5 is nothing,but the weakness.But important fact is that, the far this pawn
will get the more space for white pieces it will give,besides it is very
difficult for black to attack it with his knights.} 19. d6 Nc6 {This move lets
white to build the setup,where black can't win the d6-P and white will easily
improve his position.} (19... Rfe8 $5 20. a3 (20. d7 Re6 $132 21. Nb5 {[%cal
Gb5d6,Gd6f7]} Nbd5 $13 22. g4 $6 Rxe5 23. Rxe5 Qxd7 {[%cal Gd7b5,Gd5e3]} 24.
Rxd5 Qxd5 25. Qxd5 Rxd5 26. Rxd5 Nxd5 27. Nxa7 $11) 20... Nc6 21. Nxc6 Qxc6 22.
Rxe8+ Nxe8 $132) 20. Nxc6 Qxc6 21. Re7 Rd7 22. Qf4 $16 b5 (22... Rxe7 23. dxe7
Re8 24. Rd8 $16) (22... Rfd8 23. Ne4 $18 Rxe7 24. dxe7 Rxd1 25. Nxf6+ gxf6 26.
Qb8+ Kg7 27. e8=Q Rd2+ 28. Kh3 $18) 23. g4 $1 {The best plan for white.White
already has big advantage in space,his pieces placed the best way,exept the N,
which is looking for e4 and d5 squares,that's why white wants to move black N
from f6 square.} h6 24. h4 b4 25. Rxd7 Qxd7 26. Nd5 (26. Ne4 Nxe4 27. Qxe4 Re8
28. Qc4 Re5 29. Rd5 Qe6 $132 {With some chances to equalyze}) 26... Nxd5 27.
Rxd5 Rc8 $2 {This move is loosing the game . It was much better to play 27...
Rd8 attacking white pawn.} (27... Rd8 28. Qe3 $1 {[%cal Ge3e7,Ge3c5]} Qc6 29.
Qe7 Qxd5 (29... Re8 30. Rxc5 Rxe7 31. Rxc6 Re2+ 32. Kg3 Rd2 33. Kf4 g6 34. Ke5
$18 {[%cal Gc6a6]}) 30. Qxd8+ Kh7 31. Qe7 Qd2+ 32. Kg3 $18) 28. Re5 {[%cal
Ge5e7]} Re8 $8 (28... Qxd6 $4 29. Re8+ Rxe8 30. Qxd6) 29. Rxc5 $18 Re2+ (29...
Qe6 30. Qe4 $1 Qd7 31. Qd5 $18 (31. Rc7)) 30. Kh3 Qe6 31. Rc7 {[%cal Gc7e7,
Gd6d7]} Qd5 32. d7 Kh7 33. d8=Q (33. d8=Q Qxd8 34. Qf5+ Kg8 35. Rc8 $18) 1-0